00259nam a22001217a 4500003000400000005001700004008004100021040000800062050001000070082001000080100002100090245002600111OSt20210208121513.0210208b ||||| |||| 00| 0 eng d cDDC bEL42S bEL42S aElinsky, John L. aSlow down to speed up